| 000 | 01358nem0a2200301 4500 | ||
|---|---|---|---|
| 001 | RU\NLR\BIBL_A\010782803 | ||
| 005 | 20150824090844.0 | ||
| 035 | _a(NLR Aleph) 010782803 | ||
| 090 |
_a10076456 _c10076456 |
||
| 100 | _a20150616d2014 m||y0rusy5050 ca | ||
| 101 | 0 | _arus | |
| 102 | _aRU | ||
| 120 | _abaa xx|| | ||
| 123 | 1 | _a17500 | |
| 200 | 1 |
_aКобрин. Республика Беларусь _bКарты _eТуристская карта _fСост. и подгот. к печати Республик. унит. предпр. "Белкартография" Гос. ком. по имуществу Респ. Беларусь в 2014 г. _gРед. Н.И. Шумкевич |
|
| 206 | _a1:17500, 175 м в 1 см | ||
| 210 |
_aМинск _cБелкартография _d2014 |
||
| 215 |
_a1к. _cцв., текст, ил., указ. _d45х59 см, слож. 15х9 см |
||
| 309 | _aДвусторон. печать | ||
| 327 | 1 | _aДоп. карта: Центр города. - 1:7500 | |
| 509 | 0 | 1 |
_aКобрин, _hгород _eБеларусь _3RU\NLR\AUTH\5505003 |
| 606 | 1 |
_aПланы _2nlr-shg _3RU\NLR\auth_crt\662 |
|
| 608 |
_aТуристские карты _2nlr-sh1 _2nlr-sh2 _3RU\NLR\AUTH\66551871 |
||
| 702 | 1 |
_aШумкевич _bН. И. _4340 |
|
| 852 |
_aNLR _bК _j4-Евпл 2/1230 _m87988 |
||
| 942 | _cMAP | ||
| 980 | _aNB | ||